Countries by regional, minority and national languages - Statistics

General Stats
  • This quiz has been taken 159 times
  • The average score is 30 of 71
Answer Stats
Regional languages Minority lanuages National languages Country % Correct
Cantonese, Hokkien, Shanghainese, Hunanese, Jiangxinese, Hakka, Portuguese, English, Mongolian, Korean, Tibetan, Uyghur, Zhuang, Kazakh, Yi Kazakh, Korean, Kyrgyz, Russian, Tatar, Tuvan, Uzbek, Wakhi, Vietnamese China
74%
Uzbek, Turkmen, Pashai, Nuristsani, Balochi, Pamiri Afghanistan
72%
Greek, Macedonian, Aromanian Albania
72%
Spanish, French, Portuguese Andorra
64%
Faroese, Kalaallisut German Denmark
62%
Marshallese Marshall Islands
58%
Serbian, Hungarian, Czech, Slovak, Pannonian Rusyn, Istro-Romanian Italian, Romani, Slovene Croatia
56%
Sami Finland
56%
Danish, Lower Sorbian, North Frisian, Saterland Frisian, Upper Sorbian, [Name of Country] Sign Language, Low [Name of Country] Danish, Lower Sorbian, North Frisian, Romani, Upper Sorbian Germany
56%
Assamese, Bengali, Bodo, Dogri, Gujarati, Kannada, Kashmiri, Konkani, Maithili, Malayalam, Meitei, Marathi, Nepali, Odio, Punjabi, Sanskrit, Santali, Sindhi, Tamil, Telugu, Urdu India
56%
Guaraní, Kom, Moquoit, Wichi Argentina
54%
German, Oshiwambo Afrikaans Namibia
54%
Croatian, Hungarian, Slovene Slovene, Czech, Hungarian, Slovak, Romani, Serbian Austria
53%
Chipewyan, cree, Gwich'in, Inuinnaqtun, Inukitut, Inuvialuktun, North Slavey, South Slavey, Tłı̨chǫ Chipewyan, Cree, Gwich'in, Inuinnaqtun, Inuktitut, Inuvialuktun, North Slavey, South Slavey, Tłı̨chǫ Canada
53%
Catalan, Galician, Occitan, Basque Astur-Leonese, Aragonese, Fala, French, Portuguese Spain
53%
Cornish, Irish, Ulster-Scots, Scots, Scottish Gaelic, Welsh, Pitcairnese, Guernésiais, Jèrriais, French, Manx United Kingdom
53%
Ahtna, Alutiiq, Carolinian, Central Alaskan Yup'ik, Central Siberian Yupik, Chamorro, Deg Xinag, Dena’ina, Eyak, French, Pennsylvania German, Gwich’in, Haida, Hän, Hawaiian, Holikachuk, Inupiaq, Koyukon, Samoan, Tanacross, Tanana, Tlingit, Tsimshian, Upper Kuskokwim, Upper Tanana United States of America
53%
West Frisian, Papiamento, English, Limburgish, Low Saxon Netherlands
52%
Aklanon, Bikol, Cebuano, Ibanag, Ilocano, Ivatan, Kapampangan, Kanaray-a, Maranao, Maginanao, Pangasinan, Sambal, Tagalog, Tausug, Waray, Yakan Philippines
52%
German, East Pomerian, Riograndenser Hunsrückisch, Talian, Nheengatu, Baniwa, Tucano, Guaraní Brazil
51%
Croatian, German, Romanian, Serbian, Slovak, Slovene Hungary
50%
Azerbaijani, Kurdish, Gilaki, Mazandarani, Luri, Arabic, Balochi, Tati, Talysh, Georgian, Armenian, Circassian, Assyrian and others Iran
50%
French, German, Ladin, Slovene, Albanian/Arbereshe Ladin, Slovene Italy
50%
Turkish Albanian, Serbian Kosovo
50%
Finnish, Meänkieli, Sami Sweden
50%
Kurdish Turkey
50%
Lingala, Kikongo Swahili, Tshiluba Democratic Republic of the Congo
49%
Swahili Kenya
49%
Hausa, Yoruba, Igbo Nigeria
49%
Sami Kven, Scandoromani Norway
49%
Hungarian, Italian, Croatian Slovenia
49%
Abaza, Adyghe, Altai, Bashkir, Buryat, Chechen, Chuvash, Crimean Tatar, Eryza, Ungush, Kabardian, Kalmyk, Karachay-Balkar, Khakas, Komi, Hill Mari, Meadow Mari, Moksha, Nogai, Ossetian, Tatar, Tuvan, Udmurt, Ukrainian, Yakut Russia
48%
Kurdish Syria
47%
Sotho Lesotho
46%
Swahili Tanzania
45%
Kimbundu, Umbundu, Kikongo, Chokwe, Kwanyama, Ganguela Angola
44%
Bosnian Montenegro
44%
Formosan, Hakka, [Name of Country] Sign Language, [Name of Country] Hokkien Taiwan
44%
Kashubian German, Lithuanian, Belarussian, Czech, Hebrew, Yiddish, Lemko, Karaim, Armenian, Romani, Russian, Slovak, Tatar, Ukrainian Poland
43%
Gagauz, Russian, Ukrainian Moldova
40%
Lingala, Munukutuba Republic of the Congo
40%
Arabic,Hausa, Fulfulde, Gulmancema, Kanuri, Zarma, Tamazight Niger
39%
Albanian, Bosnian, Bulgarian, Bunjevac, Croatian, Czech, German, Hungarian, Macedonian, Romani, Romanian, Pannonian Rusyn, Slovak, Ukrainian, Vlach Serbia
39%
Belarusian Bulgarian, Croatian, German, Greek, Hungarian, Polish, Romani, Russian, Rusyn, Serbian, Ukrainian, Vietnamese Czech Republic
38%
Armenian, German, Hungarian, Romani, Serbian, Slovak, Turkish, Ukrainian Romania
38%
Phoenician Lebanon
37%
Bulgarian, Czech, German, Hungarian, Polish, Romani, Rusyn, Serbian, Ukrainian Slovakia
36%
China, Kachin, Karen, Karenni, Mon, Rakhine, Shan Myanmar
34%
Mirandese Portugal
34%
Fula, Jula, More Burkina Faso
32%
Sango Central African Republic
32%
Fula, Soninke, Wolof Mauritania
32%
Karakalpak Uzbekistan
32%
Arabic, Bari, Dinka, Luo, Murle, Nuer, Zande and 60 other languages South Sudan
31%
Bislama Vanuatu
31%
Garifuna, English, Miskito Honduras
30%
Jola-Fogny, Mandinka, Pulaar, Serer, Soninke, Wolof Senegal
30%
Armenian, [Name of country] Arabic Cyprus
29%
Tamazight Mali
29%
Fante, Asante Twi, Akuapem Twi, Adangme, Dagaare, Dagbani, Ewe, Ga, Gonja, Kasem, Nzema Ghana
28%
Arabic Israel
28%
Sonosorolese, Tobian, Japanese Palau
28%
Maithili Nepal
25%
Spanish Belize
24%
[Name of Country] Sign Language, [Name of Country] Arabic, [Name of Country] Persian Kuwait
24%
Sranan Tongo Suriname
17%
Engish, Chuukese, Kosraean Federated States of Micronesia
16%
French Mauritius
16%
[Name of country] Creole Cape Verde
15%
Kichwa, Shuar Ecuador
15%
Armenian, Assyrian Neo-Aramaic, [Name of Country] Turkmen, Kurdish Iraq
7%
No matching quizzes found
Score Distribution
Percent of People with Each Score
Percentile by Number Answered
Your Score History
You have not taken this quiz